000 00784nam a22002177a 4500
999 _c13973
_d13973
003 AR-CdUCM
008 190417b ||||| |||| 00| 0 spa d
040 _aMUNICIPALIDAD PROVINCIAL DEL CUSCO
_cBIBLIOTECA MUNICIPAL DEL CUSCO
082 _a869.56 /
_bA77
100 _aArroyo Posadas, Moises
_932621
245 _aJosé María Arguedas etapas de su vida /
260 _aAbancay :
_bAmankay,
_c1972.
300 _a28 paginas ;
_c20 cm.
500 _aDonación de la Familia Nieto Dedicatoria a Luis Nieto
505 _aContenido: etapas de su vida -- a manera de prologo -- procedencia y destino de Jose Maria Arguedas -- La peruanidad
650 _aHistoria
_946947
650 _aLiteratura
_983
650 _aPerú
_946948
942 _2ddc
_cLIBROS
945 _apjha
_d2019-04-17